Datum a čas kvízu
29
Celkem bodů
Celkový počet nahraných bodů na tomto kvízu bez doplňovacích otázek.
5.
Pořadí na kvízu
Konečné umístění týmu na tomto kvízu.
Zaznamenané odpovědi
| # | Otázka | Odpověď | Body | Výsledky |
|---|---|---|---|---|
| 1. | Počátkem týdne jsme mohli sled... | Český les | 1 | |
| 2. | Na platformě Netflix trhá reko... | Hra na oliheň (Squid Game) | 1 | |
| 3. | Známá hračkářská firma na zákl... | Lego | 1 | |
| 4. | Po 75 letech existence minulý... | Alitalia | 1 | |
| 5. | Jak se jmenuje desetiletý ryzá... | Talent | 0 | |
| 6. | Pokřín obecný je rostlina, kte... | mandragora | 1 | |
| 7. | Asa smrdutá je asijská rostlin... | čertovo lejno | 0 | |
| 7. | Túje, dřevina z rodu cypřišovi... | zerav | 0 | |
| 9. | Ledvinovník západní je tropick... | oříšky kešu | 0 | |
| 10. | Paznehtník je metr vysoká byli... | akant | 0 |